Catàleg del Col·legi de Periodistes de Catalunya

Mensaje y medios (Registre núm. 6536)

000 -CABECERA
Longitud fija campo de control 00965nas a22002417a 4500
003 - IDENTIFICADOR DEL NÚMERO DE CONTROL
Identificador del número de control OSt
005 - FECHA Y HORA DE LA ÚLTIMA TRANSACCIÓN
Fecha y hora de la última transacción 20151125110135.0
008 - CÓDIGOS DE INFORMACIÓN DE LONGITUD FIJA
Códigos de información de longitud fija 130628d19771990sp |||| |||| 00| 0 spa d
022 ## - NÚMERO INTERNACIONAL NORMALIZADO PARA PUBLICACIONES SERIADAS
Número Internacional Normalizado para Publicaciones Seriadas 0210-3982
040 ## - FUENTE DE LA CATALOGACIÓN
Centro transcriptor CDMR
Lengua de catalogación cat
245 ## - MENCIÓN DE TÍTULO
Título Mensaje y medios
Resto del título : revista de los profesionales de la comunicación
260 ## - PUBLICACIÓN, DISTRIBUCIÓN, ETC. (PIE DE IMPRENTA)
Lugar de publicación, distribución, etc. Madrid
Nombre del editor, distribuidor, etc. Instituto Oficial de Radiodifusión y Televisión
Fecha de publicación, distribución, etc. 1977-1990
300 ## - DESCRIPCIÓN FÍSICA
Extensión núm.
Otras características físicas il.
Dimensiones cm.
362 ## - FECHAS DE PUBLICACIÓN Y/O DESIGNACIÓN SECUENCIAL
Fecha de publicación y/o designación secuencial Núm. 1 (oct. 1977) - núm. 21 (1990)
500 ## - NOTA GENERAL
Nota general A partir de 1988 (?) canvia el títol i format: Mensaje y medios, revista de comunicación de RTVE
500 ## - NOTA GENERAL
Nota general A partir de 1988 (?) edita el Gabinete de la Dirección General de RTVE
610 20 - PUNTO DE ACCESO ADICIONAL DE MATERIA - NOMBRE DE ENTIDAD CORPORATIVA
9 (RLIN) 1250
Nombre de entidad corporativa o nombre de jurisdicción como elemento inicial Radiotelevisión Española
650 04 - PUNTO DE ACCESO ADICIONAL DE MATERIA - TÉRMINO DE MATERIA
9 (RLIN) 1780
Término de materia o nombre geográfico como elemento inicial Televisió
Subdivisión geográfica Espanya
Subdivisión de forma Revistes
650 04 - PUNTO DE ACCESO ADICIONAL DE MATERIA - TÉRMINO DE MATERIA
9 (RLIN) 1720
Término de materia o nombre geográfico como elemento inicial Radiodifusió
Subdivisión geográfica Espanya
Subdivisión de forma Revistes
710 2# - PUNTO DE ACCESO ADICIONAL - NOMBRE DE ENTIDAD
9 (RLIN) 2097
Nombre de entidad o nombre de jurisdicción como elemento inicial Instituto Oficial de Radio y Televisión (Espanya)
710 2# - PUNTO DE ACCESO ADICIONAL - NOMBRE DE ENTIDAD
9 (RLIN) 1250
Nombre de entidad o nombre de jurisdicción como elemento inicial Radiotelevisión Española
942 ## - ENTRADA DE ELEMENTOS AGREGADOS (KOHA)
Koha [por defecto] tipo de item Publicacions periòdiques
Fuente de clasificaión o esquema
Fons
Suprimido Perdido Estropeado No para préstamo Localización permanente Localización actual Fecha adquisición Serie de enumeración / cronología Fecha última consulta Fecha del precio de reemplazo Tipo de item de Koha
        Centre de Documentació Montserrat Roig Centre de Documentació Montserrat Roig 2013-01-16 Núm. 1 (1977) - núm. 8 (1979) / núm. 10 (1990) - núm. 21 (1990) 2013-06-28 2013-06-28 Publicacions periòdiques

Implantat amb Koha